Quy định pháp luật về đình công và tranh chấp lao động
Nội dung sách giới thiệu bộ luật lao động của nước Cộng hòa xã hội chủ nghĩa Việt Nam, nghị định của Chính phủ, nghị định của Thủ tưởng Chính phủ.
Bewaard in:
| Formaat: | Boek |
|---|---|
| Taal: | Undetermined |
| Gepubliceerd in: |
Hà Nội
Chính trị Quốc gia
2008
|
| Onderwerpen: | |
| Tags: |
Voeg label toe
Geen labels, Wees de eerste die dit record labelt!
|
| Thư viện lưu trữ: | Trung tâm Học liệu Trường Đại học Cần Thơ |
|---|
| LEADER | 00944nam a2200205Ia 4500 | ||
|---|---|---|---|
| 001 | CTU_143493 | ||
| 008 | 210402s9999 xx 000 0 und d | ||
| 020 | |c 16000 | ||
| 082 | |a 344.59701 | ||
| 082 | |b Qu600 | ||
| 245 | 0 | |a Quy định pháp luật về đình công và tranh chấp lao động | |
| 245 | 0 | |c Việt Nam (cộng hòa Xã hội chủ nghĩa). Quốc hội | |
| 260 | |a Hà Nội | ||
| 260 | |b Chính trị Quốc gia | ||
| 260 | |c 2008 | ||
| 520 | |a Nội dung sách giới thiệu bộ luật lao động của nước Cộng hòa xã hội chủ nghĩa Việt Nam, nghị định của Chính phủ, nghị định của Thủ tưởng Chính phủ. | ||
| 650 | |a Labor laws and legislation,Luật lao động và văn bản thi hành | ||
| 650 | |z Vietnam,Việt Nam | ||
| 904 | |i Tuyến | ||
| 980 | |a Trung tâm Học liệu Trường Đại học Cần Thơ | ||